000 00299nam a2200121 i 4500
001 bg
245 0 _aLaboratorium teorii maszyn, drgań mechanicznych i podstaw automatyki.
260 _aŁódż,
_c1988.
040 _cBPK
041 _apol
942 _cKS
008 s pl f |000 0 pol
999 _c4013
_d4013
856 _uhttp://koha.tu.koszalin.pl/cgi-bin/koha/opac-detail.pl?biblionumber=4013
_yKatalog online BPK